000
00279nam a2200109Ia 4500
005
20251222114343.0
008
251222s1900||||xx |||||||||||||| ||spa||
082
_a
DVD0124/B48/1999
245
0
_a
Clapton Chronicles: The Best of Eric Clapton
264
_b
Reprise Records
942
_c
DVD
999
_c
948
_d
948